Los sismos. Una amenaza cotidiana.

Uloženo v:
Podrobná bibliografie
Hlavní autor: Cruz Atienza, Víctor Manuel (autor)
Médium: Neznámo
Vydáno: México, D.F., México: La caja de cerillos ediciones, 2013.
Vydání:Primera edición.
Témata:
Tagy: Přidat tag
Žádné tagy, Buďte první, kdo vytvoří štítek k tomuto záznamu!

MARC

LEADER 00000 a2200000 4500
003 CL-VaPUC
005 20240108160240.0
008 231218t2013 ||||| |||| 00| 0 eng d
999 |c 442672  |d 442670 
020 |a ‎ 978-6078205905 
040 |c Pontificia Universidad Católica de Valparaíso 
082 7 |a 551.22 CRU 2013  |2 22 
100 |a Cruz Atienza, Víctor Manuel  |9 886349  |e autor 
245 1 4 |a Los sismos.  |b  Una amenaza cotidiana.  
250 |a Primera edición. 
260 |a México, D.F., México:  |b La caja de cerillos ediciones,   |c 2013. 
300 |a 11 páginas :  |b  ilustraciones.  
583 |k GC  |c 20231218 
650 0 |a Sismología  |9 268106  |x Terremotos   |x Tsunamis 
650 0 |a Sismología   |z México  |9 886569 
942 |2 ddc  |c BK 
952 |0 0  |1 0  |2 ddc  |4 0  |6 551_220000000000000_CRU_2013  |7 0  |8 A  |9 592860  |a BIBING  |b BIBING  |c GEN  |d 2023-12-18  |e 1  |g 46974.50  |i 5659826  |o 551.22 CRU 2013  |p 5659826  |r 2025-01-20  |t 2  |v 46974.50  |w 2023-12-18  |y BK  |k CIC 
952 |0 0  |1 0  |2 ddc  |4 0  |6 551_220000000000000_CRU_2013  |7 0  |8 A  |9 592861  |a BIBING  |b BIBING  |c GEN  |d 2023-12-18  |e 1  |g 46974.50  |i 5659825  |o 551.22 CRU 2013  |p 5659825  |r 2025-01-20  |t 1  |v 46974.50  |w 2023-12-18  |y BK  |k CIC